Kapitálové náklady a ich význam bakalárska práca

Guardado en:
Detalles Bibliográficos
Autor principal: Janček, Marek
Autor Corporativo: Národohospodárska fakulta EU. Katedra financií
Otros Autores: Mikócziová, Jana
Formato: Libro
Lenguaje:eslovaco
Publicado: Bratislava 2010
Etiquetas: Agregar Etiqueta
Sin Etiquetas, Sea el primero en etiquetar este registro!

MARC

LEADER 00000nam$a2200000$$$4500
001 0136537
005 20240320074149.2
041 0 |a slo 
044 |a SK 
245 1 0 |a Kapitálové náklady a ich význam  |b bakalárska práca  |c Marek Janček ; školiteľ: Jana Mikócziová 
264 1 |a Bratislava  |c 2010 
300 |a 47 s. 
100 1 |a Janček, Marek 
700 1 |a Mikócziová, Jana 
710 2 |a Národohospodárska fakulta EU. Katedra financií